书目信息 |
| 书名: | How to find chemical information | |
| 作者: | Robert E. Maizell. | |
| 分册号: | ||
| 分册名: | 出版地: | New York : |
|
| 出版社: | J. Wiley | |
| 出版时间: | c1987. | |
| 页数: | xvii, 402 p. : | |
| 开本: | 24 cm. | |
| 丛书名: | ||
| 中图分类号: | ||
| 科图分类号: | ||
| 其他分类号: | G354.2 | |
| 主题词: | ||
| 电子资源: | ||
| 000 | 00874cam 22002650a 4504 | |
| 001 | E0730858605 | |
| 003 | CaOON | |
| 005 | 20070226083440.79 | |
| 008 | 030611s1987 nyua b 0011 eng l | |
| 010 | @a86015687 | |
| 020 | @a0471867675 :@c$55.00 (est.). | |
| 040 | @aDLC@beng@cDLC@dCaOONL | |
| 050 | 00 | @aQD8.5@b.M34 1987 |
| 082 | 0 | @a540/.7 |
| 090 | @aP410.44/W7/1987 | |
| 090 | @aG354.2 | |
| 099 | @dG354.2@ex8=2 | |
| 100 | 1 | @aMaizell, Robert E.@q(Robert Edward),@d1924- |
| 245 | 10 | @aHow to find chemical information :@ba guide for practicing chemists, educators, and students / @cRobert E. Maizell. |
| 250 | @a2nd ed. | |
| 260 | 0 | @aNew York :@bJ. Wiley,@cc1987. |
| 300 | @axvii, 402 p. :@bill. ;@c24 cm. | |
| 500 | @a"A Wiley-Interscience publication." | |
| 504 | @aIncludes bibliographies and indexes. | |
| 650 | 0 | @aChemical literature. |
| How to find chemical information : : a guide for practicing chemists, educators, and students / / Robert E. Maizell.-2nd ed.-New York : : J. Wiley, , c1987. |
| xvii, 402 p. : : ill. ; ; 24 cm. |
| "A Wiley-Interscience publication." .-Includes bibliographies and indexes. |
| ISBN 0471867675 :$55.00 (est.). |
| ● |
| 相关链接 |
|
|
|
|
正题名:How to find chemical information
索取号:G354.2/x8=2
 
预约/预借
| 序号 | 登录号 | 条形码 | 馆藏地/架位号 | 状态 | 备注 |
| 1 | 183956 | 001171680 | 第二样本阅览室/ [索取号:G354.2/x8=2] | 在馆 | |
| 2 | 183957 | 001171644 | 第四借阅区/ [索取号:G354.2/x8=2] | 在馆 |